| 000 | 00535nam a22002057a 4500 | ||
|---|---|---|---|
| 003 | OSt | ||
| 005 | 20220903062534.0 | ||
| 008 | 220903b |||||||| |||| 00| 0 eng d | ||
| 020 | _a978-1-108-73199-7 | ||
| 040 | _cSBCL | ||
| 082 |
_a339 _bTHO-M |
||
| 100 | _aTHOMAS,ALEX M. | ||
| 245 |
_aMACROECONOMICS _bAN INTRODUCTION |
||
| 260 |
_aCAMBRIDGE _bUNIVERSITY PRINTING HOUSE _c2022 |
||
| 300 | _a234p. | ||
| 500 | _aPD ACCOUNT | ||
| 630 | _xGENERAL STACK | ||
| 650 |
_2SOCIAL SCIENCES _aECONOMICS _vMACRO ECONOMICS |
||
| 942 | _cBOOK | ||
| 999 |
_c134635 _d134635 |
||